Network re-engineering fundations of enterprise computing

Guardado en:
Detalles Bibliográficos
Autor principal: Simon, Alan R.
Formato: Libro
Lenguaje:inglés
Publicado: Boston AP Professional 1994
Materias:
Etiquetas: Agregar Etiqueta
Sin Etiquetas, Sea el primero en etiquetar este registro!

MARC

LEADER 00000nam a2200000 4500
001 c100675
005 20221123112606.5
020 |a 0-12-643840-4 
041 0 |a eng 
044 |a US 
245 1 0 |a Network re-engineering  |b fundations of enterprise computing  |c Alan R. Simon 
264 1 |a Boston  |b AP Professional  |c 1994 
300 |a 304 s. 
610 2 0 |a siete počítačové 
610 2 0 |a siete terminálové 
610 2 0 |a počítače 
610 2 0 |a komputerizácia 
610 2 0 |a riadenie automatizované 
610 2 0 |a riadenie podnikové 
610 2 0 |a riadenie vnútropodnikové 
610 2 0 |a využitie počítačov 
100 1 |a Simon, Alan R.